[Event "Olympiad-43"]
[Site "Batumi"]
[Date "2018.10.04"]
[Round "10.1"]
[White "Goorsahye, Antoine"]
[Black "Karelina, Polina"]
[Result "1-0"]
[WhiteElo "1793"]
[BlackElo "1631"]
[PlyCount "63"]
[EventDate "2018.09.24"]
[EventType "team-swiss"]
[EventRounds "11"]
[EventCountry "GEO"]
[SourceTitle "CBM 187"]
[Source "ChessBase"]
[SourceDate "2018.12.11"]
[SourceVersion "1"]
[SourceVersionDate "2018.12.11"]
[SourceQuality "1"]
[WhiteTeam "Mauritius"]
[BlackTeam "Bahamas"]
[WhiteTeamCountry "MRI"]
[BlackTeamCountry "BAH"]

1. d4 Nf6 2. c4 g6 3. g3 Bg7 4. Bg2 0-0 5. Nf3 d6 6. 0-0 Nbd7 7. Qc2 e5 8. Rd1 exd4 9. Nxd4 a5 10. Nc3 Nc5 11. b3 c6 12. h3 Qc7 13. Bf4 Nh5 14. Be3 Ne6 15. Rab1 Bd7 16. Qd2 Rfd8 17. g4 Nf6 18. Nxe6 Bxe6 19. Na4 c5 20. Bf4 Ne8 21. Nc3 Qe7 22. Qe3 Rd7 23. Rd2 Rad8 24. Nb5 Nc7 25. Nxc7 Rxc7 26. Qg3 Rcd7 27. Rbd1 Bf8 28. g5 a4 29. h4 axb3 30. axb3 b5 31. cxb5 Bxb3 32. Qxb3 1-0

[Event "Mauritius Masters"]
[Site "Mauritius"]
[Date "2017.03.26"]
[Round "5"]
[White "Goorsahye, Antoine"]
[Black "Chan, Christophe"]
[Result "0-1"]
[WhiteElo "1704"]
[BlackElo "1618"]
[PlyCount "68"]
[EventDate "2017.03.18"]
[EventType "tourn"]
[EventRounds "9"]
[EventCountry "MRI"]
[SourceTitle "CBM 177 Extra"]
[Source "ChessBase"]
[SourceDate "2017.04.27"]
[SourceVersion "1"]
[SourceVersionDate "2017.04.27"]
[SourceQuality "1"]

1. e4 d6 2. d4 e6 3. Nf3 a6 4. c4 Nd7 5. Nc3 b6 6. Bd3 c5 7. Be3 Bb7 8. 0-0 Qc7 9. Rc1 Ne7 10. a3 Ng6 11. h4 cxd4 12. Bxd4 Nge5 13. Nxe5 dxe5 14. Be3 Bc5 15. b4 Bxe3 16. fxe3 0-0 17. h5 Qd8 18. h6 Qg5 19. hxg7 Qxe3+ 20. Rf2 Rfd8 21. Qf3 Qxc1+ 22. Bf1 Qf4 23. Qh5 Nf6 24. Qh1 Qg5 25. Qh3 Rd7 26. Qf3 Kxg7 27. Qh3 Rd2 28. Rf3 Nh5 29. Qh2 Kf8 30. Rh3 Nf4 31. Rxh7 Ke7 32. Nb1 Rc2 33. a4 Bxe4 34. Rh6 Nxg2 0-1

[Event "Reunion op 17th"]
[Site "St Denis"]
[Date "2015.10.10"]
[Round "1"]
[White "Caminade, Hugo"]
[Black "Goorsahye, Antoine"]
[Result "0-1"]
[WhiteElo "1247"]
[BlackElo "1741"]
[PlyCount "52"]
[EventDate "2015.10.10"]
[EventType "swiss"]
[EventRounds "9"]
[EventCountry "RUF"]
[SourceTitle "CBM 168 Extra"]
[Source "ChessBase"]
[SourceDate "2015.10.29"]
[SourceVersion "1"]
[SourceVersionDate "2015.10.29"]
[SourceQuality "1"]

1. Nf3 d5 2. g3 c6 3. Bg2 Nf6 4. d3 Nbd7 5. c3 e5 6. Nbd2 Be7 7. b4 0-0 8. 0-0 a5 9. Qb3 axb4 10. cxb4 Re8 11. Bb2 Bd6 12. e3 Nf8 13. Rac1 Ng6 14. h3 h6 15. Rfe1 Be6 16. d4 e4 17. Ne5 Bxe5 18. dxe5 Nd7 19. f4 exf3 20. Nxf3 Qb6 21. Bd4 Qc7 22. Qd3 Ndxe5 23. Qb1 Nxf3+ 24. Bxf3 Qxg3+ 25. Kf1 Qxf3+ 26. Kg1 Bxh3 0-1

[Event "Reunion op 17th"]
[Site "St Denis"]
[Date "2015.10.10"]
[Round "2"]
[White "Goorsahye, Antoine"]
[Black "Sharma, Dinesh Kumar"]
[Result "0-1"]
[WhiteElo "1741"]
[BlackElo "2356"]
[PlyCount "52"]
[EventDate "2015.10.10"]
[EventType "swiss"]
[EventRounds "9"]
[EventCountry "RUF"]
[SourceTitle "CBM 168 Extra"]
[Source "ChessBase"]
[SourceDate "2015.10.29"]
[SourceVersion "1"]
[SourceVersionDate "2015.10.29"]
[SourceQuality "1"]

1. e4 e6 2. d4 d5 3. Nc3 Nf6 4. Bg5 Bb4 5. e5 h6 6. exf6 hxg5 7. fxg7 Rg8 8. Nf3 Qf6 9. Bd3 Qxg7 10. 0-0 g4 11. Ne5 Bd6 12. f4 Nd7 13. Qe2 Kd8 14. Nb5 a6 15. Na3 Nf8 16. f5 f6 17. Ng6 Nxg6 18. fxg6 f5 19. Qf2 g3 20. hxg3 Qxg6 21. c4 Bxg3 22. Qf3 c6 23. Rac1 Qh6 24. Rfd1 Bf4 25. Rc2 Rg3 26. Qe2 Be3+ 0-1

[Event "Reunion op 16th"]
[Site "St Denis"]
[Date "2014.10.24"]
[Round "8"]
[White "Goorsahye, Antoine"]
[Black "Gallet, Hadrien"]
[Result "1-0"]
[WhiteElo "1726"]
[BlackElo "1614"]
[PlyCount "60"]
[EventDate "2014.10.18"]
[EventType "swiss"]
[EventRounds "9"]
[EventCountry "RUF"]
[SourceTitle "EXT 2015"]
[Source "ChessBase"]
[SourceDate "2014.11.20"]
[SourceVersion "1"]
[SourceVersionDate "2014.11.20"]
[SourceQuality "1"]

1. e4 c5 2. Nf3 d6 3. d4 cxd4 4. Nxd4 a6 5. Nc3 Nc6 6. Be3 Nf6 7. Be2 e6 8. f4 Be7 9. 0-0 0-0 10. Kh1 Nxd4 11. Qxd4 Qc7 12. a4 Bd7 13. Bf3 e5 14. Qd2 b6 15. Qf2 Rab8 16. Qg3 Bc6 17. Rad1 Rfd8 18. Rd2 Nd7 19. fxe5 dxe5 20. Bh6 Bf8 21. Rdf2 Nf6 22. Be2 Kh8 23. Bg5 Be7 24. Qh4 Be8 25. Rxf6 gxf6 26. Bxf6+ Bxf6 27. Qxf6+ Kg8 28. Rf5 Qd6 29. Rg5+ Kf8 30. Qg7+ Ke7 1-0

[Event "Reunion op 16th"]
[Site "St Denis"]
[Date "2014.10.18"]
[Round "1"]
[White "Lacouture, Alexandre"]
[Black "Goorsahye, Antoine"]
[Result "0-1"]
[WhiteElo "1210"]
[BlackElo "1726"]
[PlyCount "42"]
[EventDate "2014.10.18"]
[EventType "swiss"]
[EventRounds "9"]
[EventCountry "RUF"]
[SourceTitle "EXT 2015"]
[Source "ChessBase"]
[SourceDate "2014.11.20"]
[SourceVersion "1"]
[SourceVersionDate "2014.11.20"]
[SourceQuality "1"]

1. e4 e5 2. Nf3 Nc6 3. Bc4 Nf6 4. Ng5 Bc5 5. Bxf7+ Ke7 6. 0-0 h6 7. Bc4 hxg5 8. d3 g4 9. g3 Qe8 10. Bg5 Qh5 11. h4 gxh3 12. Qxh5 Rxh5 13. Bh4 g5 14. Bxg5 Rxg5 15. Nc3 d6 16. Bd5 Nd4 17. Rfe1 Bg4 18. Bxb7 h2+ 19. Kxh2 Rh8+ 20. Kg1 Nf3+ 21. Kg2 Rh2+ 0-1

[Event "Olympiad-41"]
[Site "Tromsoe"]
[Date "2014.08.08"]
[Round "6.4"]
[White "Goorsahye, Antoine"]
[Black "Wong, Kit"]
[Result "1/2-1/2"]
[WhiteElo "1760"]
[BlackElo "1565"]
[PlyCount "86"]
[EventDate "2014.08.02"]
[EventType "team-swiss"]
[EventRounds "11"]
[EventCountry "NOR"]
[SourceTitle "CBM 162"]
[Source "ChessBase"]
[SourceDate "2014.09.17"]
[SourceVersion "1"]
[SourceVersionDate "2014.09.17"]
[SourceQuality "1"]
[WhiteTeam "Mauritius"]
[BlackTeam "Macau"]
[WhiteTeamCountry "MRI"]
[BlackTeamCountry "MAC"]

1. e4 e5 2. Nf3 Nc6 3. Bb5 a6 4. Ba4 Nf6 5. 0-0 Be7 6. Re1 b5 7. Bb3 d6 8. c3 0-0 9. d3 Na5 10. Bc2 c5 11. Nbd2 Nc6 12. Nf1 Qc7 13. Ng3 Bd7 14. h3 Rac8 15. Be3 Rfe8 16. Rc1 Qb8 17. Nh2 h6 18. f4 d5 19. f5 d4 20. Bf2 Nh7 21. Nh5 Bg5 22. Rb1 Qd6 23. h4 Be7 24. g4 g6 25. Ng3 Bxh4 26. Nf3 Be7 27. Kg2 Ng5 28. Nh4 Kg7 29. Rh1 Rh8 30. Qe2 Rcg8 31. Rbf1 Nh7 32. Bb3 Bxh4 33. Rxh4 Rf8 34. Be1 Qe7 35. Rfh1 Nf6 36. Bd2 g5 37. R4h3 Qd8 38. Kf3 Rh7 39. Qh2 Rfh8 40. Bd5 Ne7 41. Bb3 Nc6 42. Bd5 Ne7 43. Bb3 Nc6 1/2-1/2

[Event "Reunion op 14th"]
[Site "St Denis"]
[Date "2012.10.07"]
[Round "3"]
[White "Letreguilly, Olivier"]
[Black "Goorsahye, Antoine"]
[Result "1-0"]
[WhiteElo "2343"]
[BlackElo "1899"]
[PlyCount "55"]
[EventDate "2012.10.06"]
[EventType "swiss"]
[EventRounds "9"]
[EventCountry "RUF"]
[SourceTitle "EXT 2013"]
[Source "ChessBase"]
[SourceDate "2012.11.22"]
[SourceVersion "1"]
[SourceVersionDate "2012.11.22"]
[SourceQuality "1"]

1. e4 e5 2. Nf3 Nc6 3. Bb5 a6 4. Ba4 Nf6 5. 0-0 b5 6. Bb3 Be7 7. d4 exd4 8. e5 Ne4 9. Bd5 Nc5 10. Nxd4 Bb7 11. Nf5 0-0 12. Qg4 g6 13. Re1 Ne6 14. Nc3 Bg5 15. Ng3 Bxc1 16. Raxc1 Rb8 17. Rcd1 Kh8 18. Bxc6 Bxc6 19. Nce4 Bxe4 20. Nxe4 h5 21. Qg3 Qe7 22. Qe3 Kg7 23. Rd5 Rbd8 24. Red1 c6 25. Rd6 Nc7 26. Nf6 Nd5 27. Qg5 Qxd6 28. Nxh5+ 1-0

[Event "Reunion op 14th"]
[Site "St Denis"]
[Date "2012.10.06"]
[Round "1"]
[White "Cazal, Vincent"]
[Black "Goorsahye, Antoine"]
[Result "0-1"]
[WhiteElo "1490"]
[BlackElo "1899"]
[PlyCount "56"]
[EventDate "2012.10.06"]
[EventType "swiss"]
[EventRounds "9"]
[EventCountry "RUF"]
[SourceTitle "EXT 2013"]
[Source "ChessBase"]
[SourceDate "2012.11.22"]
[SourceVersion "1"]
[SourceVersionDate "2012.11.22"]
[SourceQuality "1"]

1. f4 d5 2. Nf3 Nf6 3. Nc3 Bg4 4. e3 e6 5. h3 Bh5 6. g4 Bg6 7. Ne5 Nbd7 8. Nxg6 hxg6 9. b3 c6 10. Bb2 Bd6 11. Qf3 Qe7 12. 0-0-0 b5 13. Bd3 Nc5 14. e4 b4 15. e5 bxc3 16. Bxc3 Nxd3+ 17. Qxd3 Ba3+ 18. Kb1 Ne4 19. Qa6 0-0 20. Bd4 Bc5 21. Be3 Bxe3 22. dxe3 Nf2 23. Qxc6 Rfc8 24. Qd6 Qxd6 25. exd6 Rd8 26. e4 dxe4 27. Rhe1 Nxd1 28. Rxd1 Rac8 0-1